[Event "Londrina op"]
[Site "Londrina"]
[Date "2024.11.10"]
[Round "6"]
[White "Fabio, Joao Eduardo Souza"]
[Black "Velez, Pedro Prux"]
[Result "0-1"]
[WhiteElo "1801"]
[BlackElo "1800"]
[PlyCount "72"]
[EventDate "2024.11.08"]
[EventType "swiss"]
[EventRounds "6"]
[EventCountry "BRA"]
[SourceTitle "CB45_2024"]
[Source "ChessBase"]
[SourceDate "2024.11.06"]
[SourceVersion "1"]
[SourceVersionDate "2024.11.06"]
[SourceQuality "1"]

1. e4 d6 2. d4 Nf6 3. Nc3 g6 4. Bf4 Bg7 5. e5 dxe5 6. dxe5 Qxd1+ 7. Rxd1 Nh5 8. g3 Bd7 9. Nb5 Bxb5 10. Bxb5+ c6 11. Ba4 Nd7 12. Bb3 0-0 13. Rxd7 Nxf4 14. gxf4 Bh6 15. Rd4 Rad8 16. Rxd8 Rxd8 17. Ne2 Kg7 18. 0-0 Rd2 19. Nc3 Bxf4 20. Re1 h5 21. Re4 g5 22. e6 f5 23. Re2 Rd4 24. Re1 h4 25. Rd1 Rxd1+ 26. Nxd1 Kf6 27. Nc3 Be5 28. Nd1 g4 29. a4 a5 30. c3 Kg5 31. Ne3 f4 32. Nc4 Bc7 33. Bc2 f3 34. b4 g3 35. hxg3 hxg3 36. fxg3 Bxg3 0-1